| 000 | 01300nam a2200301 a 4500 | ||
|---|---|---|---|
| 003 | BLK | ||
| 005 | 20250709085100.0 | ||
| 008 | 221216b bu |||||r|||| 00| | bu d | ||
| 020 | _a9789543994830 | ||
| 040 | _aBLK | ||
| 041 |
_aBUL _cBUL |
||
| 080 |
_aАмериканска литература (на САЩ) _b821.111(73) _x-312.4 _z821.111(73)-312.4 |
||
| 100 |
_91299 _aГарднър, Лиса _eпърви автор |
||
| 139 | _aГарднър, Лиса | ||
| 245 |
_aНито дума _bРоман _c Лиса Гарднър ; прев. от англ. Цветана Генчева |
||
| 260 |
_9390568 _aСофия _bСББ Медиа _c2023 _f ([София] : Ропринт) |
||
| 300 |
_a346 с. _c 20 см |
||
| 380 | _aX | ||
| 490 |
_9390836 _aКриминални шедьоври |
||
| 500 | _aОриг. загл.: Never tell / Lisa Gardner Кн. от поредицата Детектив Д. Д. Уорън Кн. се разпространява с изд. на SBB Media | ||
| 653 |
_9189383 _aкрими |
||
| 700 |
_9966 _aГенчева, Цветана Тодорова _eпрев. |
||
| 852 |
_aЦб 320897 _bЦб |
||
| 856 |
_i0.00 _ldisable |
||
| 942 |
_cKNG _n0 _s1 _012 |
||
| 944 |
_k30530 _cРусанова Ирена _lМинев Младен |
||
| 999 |
_c499495 _d499495 |
||
| 999 | _d499495 | ||